Application of Fuzzy Systems and Neuro-fuzzy Systems for Municipalities Classification

Salvato in:
Dettagli Bibliografici
Autore principale: Hudec, Miroslav, 1969-
Altri autori: Vujošević, Mirko, Priehradníková, Lenka
Natura: Capitolo di libro
Lingua:inglese
Tags: Aggiungi Tag
Nessun Tag, puoi essere il primo ad aggiungerne!!

MARC

LEADER 00000naa$a2200000$$$4500
001 0191132
005 20240502083443.6
041 0 |a eng 
044 |a SI 
245 1 0 |a Application of Fuzzy Systems and Neuro-fuzzy Systems for Municipalities Classification  |c Miroslav Hudec, Mirko Vujoševič, Lenka Priehradníková 
100 1 |a Hudec, Miroslav, 1969- 
700 1 |a Vujošević, Mirko 
700 1 |a Priehradníková, Lenka